00453nmm a2200157Ia 4500008004100000020001800041041000800059100001800067245002700085264008000112300001600192650001200208856005100220942000700271999001700278251105s9999||||xx |||||||||||||||||und|| a9788467191257 aspa aRoberts, Nora 0aEl final de un sueño a[Madrid, España] :bHarlequin, c[Fecha de publicación no identificada] a0 páginas aRomance uhttps://public.digitaliapublishing.com/a/96550 cCF c83649d83649